Kissinger : (Record no. 132741)
[ view plain ]
| 000 -LEADER | |
|---|---|
| fixed length control field | 00461cam8a220018100 4500 |
| 001 - CONTROL NUMBER | |
| control field | tmp15763540 |
| 003 - CONTROL NUMBER IDENTIFIER | |
| control field | UPRA |
| 005 - DATE AND TIME OF LATEST TRANSACTION | |
| control field | 20190822112111.0 |
| 008 - FIXED-LENGTH DATA ELEMENTS--GENERAL INFORMATION | |
| fixed length control field | 951023s1976 xx eng u |
| 035 ## - SYSTEM CONTROL NUMBER | |
| System control number | (Sirsi) r44103 |
| 035 ## - SYSTEM CONTROL NUMBER | |
| System control number | (UPRA)tmp15763540 |
| 040 ## - CATALOGING SOURCE | |
| Transcribing agency | UPRA |
| 100 1# - MAIN ENTRY--PERSONAL NAME | |
| Personal name | Mazlish, B. |
| Linkage | A1704.1 |
| 245 10 - TITLE STATEMENT | |
| Title | Kissinger : |
| Remainder of title | the European mind in American. |
| 260 ## - PUBLICATION, DISTRIBUTION, ETC. | |
| Date of publication, distribution, etc. | 1976. |
| 949 ## - LOCAL PROCESSING INFORMATION (OCLC) | |
| a | E840.8 |
| w | lcc |
| i | -54574 |
| m | MAIN |
| t | BOOK |
| l | ON-SHELF |
No items available.